Gaming Quiz

Random Gaming or Pokémon Quiz

Pokemon that start with H Quiz Stats

Quiz not verified by Sporcle

Also try: Name the Game
Challenge
Share
Tweet
Score 0/28 Timer 10:00
0 Plays Today
Generation Pokemon % Correct
Gen 1Haunter
98%
Gen 2Heracross
98%
Gen 1Hitmonchan
98%
Gen 1Hitmonlee
98%
Gen 2Hitmontop
98%
Gen 2Houndoom
95.9%
Gen 2Houndour
93.9%
Gen 1Hypno
93.9%
Gen 5Haxorus
91.8%
Gen 4Heatran
91.8%
Gen 2Hoothoot
91.8%
Gen 2Hoppip
91.8%
Gen 1Horsea
91.8%
Gen 6Hawlucha
89.8%
Generation Pokemon % Correct
Gen 6Heliolisk
89.8%
Gen 6Helioptile
87.8%
Gen 4Hippowdon
87.8%
Gen 2Ho-oh
87.8%
Gen 3Hariyama
85.7%
Gen 4Hippopotas
85.7%
Gen 4Honchkrow
85.7%
Gen 6Honedge
85.7%
Gen 5Hydreigon
85.7%
Gen 3Huntail
83.7%
Gen 5Herdier
81.6%
Gen 6Hoopa
81.6%
Gen 5Heatmor
77.6%
Gen 4Happiny
59.2%

You're not logged in!

Compare scores with friends on all Sporcle quizzes.
Sign Up with Email
OR
Log In

You Might Also Like...

Show Comments

Extras

Top Quizzes Today


Score Distribution

Your Account Isn't Verified!

In order to create a playlist on Sporcle, you need to verify the email address you used during registration. Go to your Sporcle Settings to finish the process.

Report this User

Report this user for behavior that violates our Community Guidelines.

Details: